000 00325nam a22001217a 4500
008 160420b xxu||||| |||| 00| 0 eng d
020 _a0072970480
082 _a363.7 ENG
100 _aENGER, ELDON D[ed]
245 _aENVIRONMENTAL SCIENCE: A STUDY OF INTERRELATIONSHIP.
250 _a10 ed
260 _aBOSTON.
_bMC GRAW HILL.
999 _c4134
_d4134